Poppy
Enregistré dans:
| Auteur principal: | |
|---|---|
| Format: | Livre |
| Langue: | English |
| Publié: |
Australia
Penguin Books
1990
|
| Sujets: | |
| Tags: |
Ajouter un tag
Pas de tags, Soyez le premier à ajouter un tag!
|
| Thư viện lưu trữ: | Trung tâm Học liệu Lê Vũ Hùng, Trường Đại học Đồng Tháp |
|---|
| LEADER | 00627pam a22002178a 4500 | ||
|---|---|---|---|
| 001 | 00024385 | ||
| 005 | 20171026081023.0 | ||
| 008 | 110718s1990 ||||||engsd | ||
| 020 | # | # | |a 0140258728 |
| 041 | 0 | # | |a eng |
| 082 | 1 | 4 | |a 823 |b P400P |
| 100 | 1 | # | |a Modjeska, Drusilia |d 1946- |
| 245 | 1 | 0 | |a Poppy |c Drusilia Modjeska |
| 260 | # | # | |c 1990 |a Australia |b Penguin Books |
| 300 | # | # | |a 320 p. |c 21 cm. |
| 650 | # | 4 | |a Tiểu thuyết |
| 650 | # | 4 | |a Ânh |
| 852 | # | # | |b Kho đọc |j KD.0008957 |
| 852 | # | # | |j KD.0008957 |
| 910 | 0 | # | |a Ntuyet |d 18/07/2011 |
| 980 | # | # | |a Trung tâm Học liệu Lê Vũ Hùng, Trường Đại học Đồng Tháp |


